000 00415nam a22001817a 4500
003 CEME
005 20210628205817.0
008 210317b xxu||||| |||| 00| 0 eng d
020 _a969-35-0509-3
040 _c.
082 _a891.4393 BAN
100 _aBano Qudsia
_99437
245 _aPurva
260 _aLAHORE
_bSANG-E-MEEL
_c1998
300 _a128P
650 _aURDU ADAB-NOVEL
_920918
942 _cBK
_2ddc
999 _c582430
_d582430